| 000 | 00568nam a22001937a 4500 | ||
|---|---|---|---|
| 003 | BD-DhJNU | ||
| 005 | 20250827034212.0 | ||
| 008 | 250827b |||||||| |||| 00| 0 eng d | ||
| 020 | _a0072375477 | ||
| 040 |
_aBD-DhJNU _bENG _cBD-DhJNU _dBD-DhJNU |
||
| 082 |
_223 _a543 HAM |
||
| 100 | _aHarvey, David | ||
| 245 |
_aModern Analytical Chemistry / _cDavid Harvey |
||
| 260 |
_aBoston : _bMcGraw-Hill, _c2000. |
||
| 300 |
_axvi, 798p. : _bill. ; _c24 cm. |
||
| 504 | _aIncludes bibliographical references and index | ||
| 650 | _aChemistry, Analytic | ||
| 942 |
_2ddc _cBK _n0 |
||
| 999 |
_c2033 _d2033 |
||